Breaking Brain [CD аудио] (Запис номер 229688)
[ съкратено ]
| 000 -Лидер | |
|---|---|
| Контролно поле с фиксирана дължина | 01030njm a2200325 c 4500 |
| 003 - Код на организацията, давaща контролен номер | |
| Контролно поле | BLK |
| 005 - Дата и час на последна редакция | |
| Контролно поле | 20180421002844.0 |
| 008 - Елементи от данни с фиксирана дължина | |
| fixed length control field | 180410b bul||n||s|||||||| n|bulo| |
| 010 ## - Наследен системен номер | |
| LC control number | CDD00010403000 |
| 040 ## - Източник на каталожния запис | |
| Идентификатор на билиотеката - собственик на записа | BLK |
| 041 ## - Код за език | |
| Код за езика на текст/звукозапис или на отделно заглавие | Немски |
| Код за езика КДБФ | Немски |
| 080 ## - УДК | |
| Текстов определител УДК | Салонни и танцови оркестри. Естраден оркестър. Джаз. Рок |
| УДК код - определител по УДК | 785.161 |
| УДК определител | |
| УДК - код + определител | 785.161 |
| 139 ## - Редно поле | |
| Редна дума | Jan Zehrfeld's Panzerballett |
| Авторски знак | Jan - J 23 |
| 245 10 - Сведения за заглавието | |
| Заглавие | Breaking Brain [CD аудио] |
| Редно поле (дума) | изп. Jan Zehrfeld's Panzerballett. |
| 257 ## - Страна на издаване | |
| Страна на създаване/издаване | Германия |
| 260 ## - Област на издателските данни | |
| -- | Munchen |
| Име на издателя, разпространителя и проч. | Gentle Art of Music |
| Година на издаване | 2015 |
| 300 ## - Физическа характеристика | |
| Размери/Мащаб | 12 cm. Stereo |
| 306 ## - Продължителност на изпълнението | |
| Времетраене | 55мин. 46сек. |
| 380 ## - Жанр | |
| Жанр | Изкуство |
| 650 #4 - Допълнително описание по предмет – тема | |
| Основно описание – тема или топоним | Джаз |
| 9 (RLIN) | 153283 |
| 653 ## - Ключова дума – ненормативна | |
| Ключова дума | джаз |
| 653 ## - Ключова дума – ненормативна | |
| Ключова дума | джаз-рок |
| 653 ## - Ключова дума – ненормативна | |
| Ключова дума | фюжън |
| 700 1# - Други автори (авторска отговорност) | |
| Лично име | Jan Zehrfeld's Panzerballett |
| Автороска отговорност (Описва отношението между автора и произведението) | изп. |
| 9 (RLIN) | 353882 |
| 852 ## - Местоположение | |
| Форматна сигнатура | Цб CD 4382 |
| Част | 0 |
| 856 4# - Електронен адрес и достъп | |
| Електронен формат | pdf - файл |
| Път до файла /url/ | |
| 856 4# - Електронен адрес и достъп | |
| Електронен формат | pdf - файл |
| Път до файла /url/ | |
| 942 ## - АРТИКУЛИ | |
| Вид на библиотечния материал | Компактдискове |
| Скрит в OPAC | Не |
| 944 ## - СЪЗДАВАНЕ И РЕДАКЦИЯ на ЗАПИСА | |
| Създаване/Редакция | Създаване |
| Дата на регистрацията/редакция | 22.08.2017 |
| Служител, извършил регистрацията/редакцията | Теодора_Стоянова |
| 944 ## - СЪЗДАВАНЕ И РЕДАКЦИЯ на ЗАПИСА | |
| Създаване/Редакция | Редакция |
| Дата на регистрацията/редакция | 22.08.2017 |
| Служител, извършил регистрацията/редакцията | Теодора_Стоянова |
| 999 ## - СИСТЕМНИ КОНТРОЛНИ НОМЕРА | |
| Koha biblionumber | 229688 |
| Koha biblioitemnumber | 229688 |
| Код за отписване | Код за изгубен артикул | Източник на класификационната схема | Код за повреда | Коз за рестрикции | Код за отдаване | Артикулен № | Име на библиотеката - собственик | Име на библиотеката, в която се намира в момента | Статус (Текущо местоположение) | Дата на вписване в системата | Местоположение - отдел | Цена в лева | Инвентарен номер | Систематично азбучна сигнатура | Баркод | Номер на екземпляра | Цена в евро | Служебна бележка | Служебен тип на артикула |
|---|---|---|---|---|---|---|---|---|---|---|---|---|---|---|---|---|---|---|---|
| Не е изгубен | Universal Decimal Classification | Не е повреден | без рестрикции | заемане за дома | 401872 | Регионална библиотека "Любен Каравелов" Русе | Регионална библиотека "Любен Каравелов" Русе | Отдел Изкуство - подръчен фонд | 2000-01-01 | Отдел Изкуство - подръчен фонд | 6.00 | 120000907869 | 78.036.9/J 23 | 120000907869 | 1 | 3.07 | Дост: DA Вид: А N: стар фонд Дата: 01.01.2000 Съставил: Теодора_Стоянова | Компактдискове |